|
|
|
|
| LEADER |
01264nam a2200325 4500 |
| 001 |
on1006507003 |
| 003 |
OCoLC |
| 005 |
20180501122038.0 |
| 006 |
m o d |
| 007 |
cr ||||||||||| |
| 008 |
160729s2016 ne o 000 0 eng d |
| 040 |
|
|
|a NLE
|b eng
|e rda
|e pn
|c NLE
|d OCLCO
|d OCLCF
|d OCLCQ
|d GrThAP
|
| 020 |
|
|
|a 9780128047880
|
| 035 |
|
|
|a (OCoLC)1006507003
|
| 049 |
|
|
|a TEFA
|
| 245 |
0 |
0 |
|a Advances in cancer research.
|n Volume 131.
|
| 264 |
|
1 |
|a Amsterdam :
|b Academic Press,
|c 2016.
|
| 300 |
|
|
|a 1 online resource.
|
| 336 |
|
|
|a text
|b txt
|2 rdacontent
|
| 337 |
|
|
|a computer
|b c
|2 rdamedia
|
| 338 |
|
|
|a online resource
|b cr
|2 rdacarrier
|
| 490 |
0 |
|
|a Advances in Cancer Research ;
|v Volume 131
|
| 506 |
|
|
|a Owing to Legal Deposit regulations this resource may only be accessed from within National Library of Scotland on library computers. For more information contact enquiries@nls.uk.
|5 StEdNL
|
| 588 |
0 |
|
|a CIP data; item not viewed.
|
| 650 |
|
0 |
|a Cancer
|x Research.
|
| 650 |
|
7 |
|a Cancer
|x Research.
|2 fast
|0 (OCoLC)fst00845497
|
| 700 |
1 |
|
|a Tew, Kenneth D.,
|e editor.
|
| 700 |
1 |
|
|a Fisher, Paul B.,
|e editor.
|
| 776 |
0 |
8 |
|i Print version :
|z 9780128047880
|
| 856 |
4 |
0 |
|u https://www.sciencedirect.com/science/bookseries/0065230X/131
|z Full Text via HEAL-Link
|